000 00638nam a2200241 i 4500
001 C2-0260163
003 PPAK
005 20180727230200.0
008 041007s2003 enka|||| ||||| | eng d
020 _a1405300183
040 _aPPAK
_beng
_cPPAK
_erda
082 0 4 _a551
_223
090 0 0 _a551
_bEAR
_dR
245 0 0 _aEarth
264 1 _aLondon :
_bDorling Kindersley ,
_c2003
300 _a520 pages :
_bcolour illustrations ;
_c31 cm
336 _2rdacontent
_atext
337 _2rdamedia
_aunmediated
338 _2rdacarrier
_avolume
500 _aIncludes index
650 1 0 _aEarth ; Earth - Pictorial works
942 _ddc
_cB
999 _c71283
_d71283